000 00550cam a22001811 4500
082 _a624.17
_bHUS
_cL-20, P-41
100 1 _aHusband, Joseph.
245 0 0 _aStructural engineering,
_cby Joseph Husband and William Harby.
250 _a5th ed.,
260 _aLondon,
_aNew York,
_bLongman's, Green
_c[1947]
300 _axiv, 591 p.
_bdiagrs.
_c23 cm.
526 _a0
_b0
_c0
_d624_170000000000000_HUS
650 0 _aBuilding.
650 0 _aMCE
_9379
650 0 _aStructural analysis (Engineering)
_9654
700 1 _aHarby, William,
942 _2ddc
_cBK
999 _c546518
_d546518